Sobre la muerte en Antonio Machado

Saved in:
Bibliografiske detaljer
Hovedforfatter: Cobos, Pablo de A (Author)
Format: Bog
Sprog:spansk
Udgivet: Madrid Insula 1972
Fag:
Tags: Tilføj Tag
Ingen Tags, Vær først til at tagge denne postø!

MARC

LEADER 00000nam a2200000 a 4500
001 UCQ5299
003 CL-VaPUC
008 980925e19720000SP |||||||||||||||||spa|d
082 0 4 |a 861.09  |b COB  |2 21 
100 0 |a Cobos, Pablo de A  |e author  |9 419426 
245 1 0 |a Sobre la muerte en Antonio Machado 
300 |a 149 p 
942 |c BK 
945 |d 19980925 00:00:00  |a crobeson 
260 |a Madrid  |b Insula  |c 1972 
600 0 |a Machado Ruíz, Antonio,   |d 1875-1939  |9 389743 
650 0 |a Poesía española  |9 264938 
650 0 |a Literatura española  |9 306261 
650 0 |a Crítica e interpretación   |9 255042 
583 |a last modification  |c 19980925 00:00:00  |k Rodrigo Vera 
999 |c 275513  |d 275511 
952 |0 0  |1 0  |4 0  |6 861_090000000000000_COB_1972  |7 0  |8 A  |9 312271  |a BIBEDU  |b BIBEDU  |d 2019-11-20  |i 1470132  |o 861.09 COB 1972  |p 1470132  |r 2019-11-20  |w 2019-11-20  |y BK  |k LIT